[Event "Detroit (WCO/5/4)"]
[Site "?"]
[Date "1994.??.??"]
[Round "?"]
[White "Kane, Paul"]
[Black "Walker, Douglas"]
[Result "0-1"]
[WhiteElo "1605"]
[BlackElo "1900"]
[PlyCount "88"]
[EventDate "1994.??.??"]

{5/(4)} 1. d4 Nf6 2. c4 e6 3. Nf3 b6 4. g3 Bb7 5. Bg2 Be7 6. O-O O-O 7. b3 d6
8. Bb2 Nbd7 9. Nbd2 Rb8 10. Qc2 h6 11. e4 d5 12. e5 Ne4 13. Rac1 c5 14. cxd5
Nxd2 15. Nxd2 Bxd5 16. Ne4 Rc8 17. Qe2 Rc6 18. Rfd1 Qc7 19. Rc2 c4 20. Rdc1 Rc8
21. Nd6 Bxd6 22. Bxd5 exd5 23. exd6 Qxd6 24. bxc4 Nf6 25. Qe5 Qc7 26. c5 Qd7
27. f4 Re8 28. cxb6 Rxc2 29. Rxc2 Rxe5 30. dxe5 Ne8 31. Bd4 axb6 32. Bxb6 Qb5
33. Rc8 Qxb6+ 34. Kf1 Qa6+ 35. Kf2 Qxc8 36. a4 d4 37. a5 Qc3 38. a6 Nc7 39. a7
Qe3+ 40. Kg2 d3 41. Kh3 d2 42. f5 d1=Q 43. a8=Q+ Nxa8 44. f6 Qf1+ 0-1

[Event "Eastpointe (US Am N/1b/2)"]
[Site "?"]
[Date "1994.??.??"]
[Round "?"]
[White "Kane, Paul"]
[Black "Vandivier, Don"]
[Result "0-1"]
[WhiteElo "1605"]
[BlackElo "2055"]
[PlyCount "120"]
[EventDate "1994.??.??"]

1. d4 Nf6 2. c4 e6 3. Bg5 Be7 4. Nc3 d5 5. e3 O-O 6. Nf3 a6 7. Qc2 dxc4 8. Bxc4
Nbd7 9. O-O b5 10. Bd3 Bb7 11. Ne5 b4 12. Ne4 Bxe4 13. Bxe4 Nxe4 14. Bxe7 Qxe7
15. Nxd7 Qxd7 16. Qxe4 Rfc8 17. b3 Rab8 18. Rac1 Rb5 19. Qc6 Qxc6 20. Rxc6 Ra5
21. Ra1 Kf8 22. Kf1 Ke8 23. Ke2 Kd7 24. Rc4 Rb5 25. e4 c5 26. Rd1 Ke7 27. f4 a5
28. d5 exd5 29. Rxd5 f6 30. g4 g6 31. h4 Ke6 32. Ke3 Rc7 33. f5+ gxf5 34. gxf5+
Ke7 35. Kf4 h5 36. e5 Rc6 37. exf6+ Kxf6 38. Re5 a4 39. Rce4 axb3 40. axb3 Rbb6
41. Rc4 Rb5 42. Re6+ Rxe6 43. fxe6 Kxe6 44. Kg5 Ra5 45. Kxh5 Kd5 46. Rg4 Ra3
47. Kg5 Rxb3 48. h5 Rh3 49. h6 b3 50. Rg2 c4 51. Kg6 c3 52. Rg5+ Kc4 53. h7 b2
54. Rg4+ Kb3 55. Rg5 b1=Q+ 56. Kf6 Rh6+ 57. Ke5 Rxh7 58. Kd6 Qd3+ 59. Rd5 Qg6+
60. Kc5 Rc7+ 0-1

[Event "Detroit (Class C/5/20)"]
[Site "?"]
[Date "1994.??.??"]
[Round "?"]
[White "Kane, Paul"]
[Black "Troupe, D."]
[Result "1-0"]
[WhiteElo "1605"]
[BlackElo "1605"]
[PlyCount "47"]
[EventDate "1994.??.??"]

{5/(20)} 1. d4 d5 2. c4 dxc4 3. Nc3 Nf6 4. Bg5 Nbd7 5. e4 h6 6. Bh4 e6 7. Bxc4
Bb4 8. e5 g5 9. Bg3 Ng8 10. Rc1 f6 11. Bxe6 fxe5 12. dxe5 Qe7 13. Qh5+ Kd8 14.
Qf7 Qxf7 15. Bxf7 Ke7 16. Bb3 Nc5 17. Bc4 Bf5 18. Ke2 Rd8 19. Nd5+ Kf8 20. Nxb4
Ne4 21. Nf3 g4 22. Nh4 Bh7 23. Rhd1 Rxd1 24. Rxd1 1-0

[Event "Eastpointe (US Am N/6/19)"]
[Site "?"]
[Date "1994.??.??"]
[Round "?"]
[White "Kane, Paul"]
[Black "Tracz, J."]
[Result "0-1"]
[WhiteElo "1605"]
[BlackElo "1740"]
[PlyCount "88"]
[EventDate "1994.??.??"]

{6/(19)} 1. d4 Nf6 2. c4 c5 3. d5 b5 4. Nc3 bxc4 5. e4 Ba6 6. e5 Ng8 7. f4 g6
8. Qa4 Qb6 9. Bxc4 Bxc4 10. Qxc4 Bg7 11. Nf3 Nh6 12. Na4 Qb4+ 13. Nd2 d6 14.
Qxb4 cxb4 15. Nc4 O-O 16. b3 Nd7 17. Bb2 dxe5 18. fxe5 Ng4 19. e6 Bxb2 20.
Naxb2 fxe6 21. dxe6 Nc5 22. h3 Nf2 23. Rf1 Nfd3+ 24. Nxd3 Rxf1+ 25. Kxf1 Nxd3
26. g3 Rf8+ 27. Ke2 Nc5 28. Ne5 Rf6 29. Rc1 Nxe6 30. Nc6 Kf7 31. Nxb4 Nd4+ 32.
Kd3 Rd6 33. Ke4 Nf5 34. Kf3 a5 35. Nc6 Rxc6 36. Rxc6 Nd4+ 37. Ke4 Nxc6 38. Kd5
Nb4+ 39. Kc5 Nxa2 40. Kb6 e5 41. Kxa5 e4 42. b4 Nc3 43. b5 Nxb5 44. Kb4 e3 0-1

[Event "Eastpointe (MI Action/4/8)"]
[Site "?"]
[Date "1994.??.??"]
[Round "?"]
[White "Kane, Paul"]
[Black "Skidmore, Jennifer"]
[Result "0-1"]
[WhiteElo "1605"]
[BlackElo "1930"]
[PlyCount "68"]
[EventDate "1994.??.??"]

{4/(8)} 1. d4 d5 2. c4 e6 3. Nc3 c6 4. Nf3 dxc4 5. a4 Bb4 6. e3 b5 7. axb5 cxb5
8. Bd2 Bxc3 9. Bxc3 Nf6 10. g3 Bb7 11. Bg2 Nbd7 12. O-O O-O 13. Re1 Nd5 14. e4
Nxc3 15. bxc3 Nb6 16. Qc2 f6 17. Bh3 Re8 18. Qe2 Na4 19. Rec1 f5 20. e5 Nb6 21.
Nh4 g5 22. Nxf5 exf5 23. Bxf5 Bd5 24. Qh5 Qe7 25. Re1 Rf8 26. Bc2 Bf3 27. Qh3
Nd5 28. Ra6 Rae8 29. Rea1 Nxc3 30. Rxa7 Bb7 31. Kf1 Qf7 32. f4 gxf4 33. gxf4
Qxf4+ 34. Ke1 Qf2# 0-1

[Event "Grand Rapids (MI Am/3/24)"]
[Site "?"]
[Date "1994.??.??"]
[Round "?"]
[White "Kane, Paul"]
[Black "Seibert, S."]
[Result "0-1"]
[WhiteElo "1605"]
[BlackElo "1605"]
[PlyCount "70"]
[EventDate "1994.??.??"]

{3/(24)} 1. d4 d5 2. c4 Nf6 3. Nc3 Nc6 4. Nf3 Bf5 5. Bf4 Nb4 6. Qa4+ c6 7. Qxb4
e5 8. Qb3 exf4 9. Nh4 Be6 10. c5 b6 11. Na4 Ne4 12. Nf3 bxc5 13. e3 c4 14. Qc2
fxe3 15. fxe3 Bf5 16. Nc3 Ng3 17. Qa4 Nxh1 18. Qxc6+ Bd7 19. Qxd5 Be6 20. Qc6+
Bd7 21. Qxc4 Bd6 22. Ne5 O-O 23. g3 Be6 24. Qe2 Bxe5 25. dxe5 Qa5 26. O-O-O
Rac8 27. Kb1 Bc4 28. Qg2 Bxf1 29. Rxf1 Rxc3 30. bxc3 Qxc3 31. Qb2 Qd3+ 32. Qc2
Qxf1+ 33. Kb2 Rb8+ 34. Ka3 Qb5 35. e6 Qb4# 0-1

[Event "Ann Arbor (HVA/1/1)"]
[Site "?"]
[Date "1994.??.??"]
[Round "?"]
[White "Kane, Paul"]
[Black "Santiago, Reynaldo"]
[Result "0-1"]
[WhiteElo "1605"]
[BlackElo "1995"]
[PlyCount "116"]
[EventDate "1994.??.??"]

{1/(1)} 1. d4 Nf6 2. c4 c5 3. d5 g6 4. Nc3 d6 5. e4 Bg7 6. Be2 O-O 7. Nf3 e6 8.
O-O exd5 9. exd5 Re8 10. Bg5 h6 11. Bh4 g5 12. Bg3 Nh5 13. Qc2 f5 14. h3 Na6
15. a3 Qf6 16. Rae1 f4 17. Bh2 Bf5 18. Bd3 Bxd3 19. Qxd3 Nc7 20. Nd2 Qd4 21.
Qxd4 cxd4 22. Nce4 Rad8 23. b3 b6 24. g4 Nf6 25. f3 a5 26. Kg2 Na6 27. Bg1 Nxe4
28. Nxe4 Nc5 29. b4 axb4 30. axb4 Nxe4 31. Rxe4 Rxe4 32. fxe4 Ra8 33. Rd1 Ra2+
34. Bf2 Rb2 35. c5 bxc5 36. bxc5 dxc5 37. Rc1 Rb5 38. h4 Be5 39. hxg5 hxg5 40.
Kf1 Kf7 41. Be1 Kf6 42. Rc2 Bd6 43. Ra2 Ke5 44. Ra6 c4 45. Rc6 c3 46. Bxc3 dxc3
47. Rxc3 Kxe4 48. Rc8 Rxd5 49. Re8+ Kf3 50. Kg1 Rd2 51. Rh8 Bc5+ 52. Kh1 Kxg4
53. Rh3 Kf5 54. Rf3 Bd6 55. Rb3 g4 56. Rb5+ Be5 57. Rc5 f3 58. Rc8 Rd1# 0-1

[Event "Eastpointe (EDO/1b/5)"]
[Site "?"]
[Date "1994.??.??"]
[Round "?"]
[White "Kane, Paul"]
[Black "Rajlich, Vasik"]
[Result "0-1"]
[WhiteElo "1605"]
[BlackElo "2100"]
[PlyCount "80"]
[EventDate "1994.??.??"]

1. d4 d5 2. c4 e6 3. Nc3 c6 4. Nf3 dxc4 5. a4 Bb4 6. e3 b5 7. Be2 Nf6 8. O-O
O-O 9. axb5 Bxc3 10. bxc3 cxb5 11. Ba3 Re8 12. Ne5 Bb7 13. Bf3 Nd5 14. Qc2 f6
15. Bh5 fxe5 16. Bxe8 Qxe8 17. Rfd1 Nd7 18. Rd2 a5 19. Bd6 Qh5 20. h3 Qg5 21.
Re2 Nxc3 22. g3 Nxe2+ 23. Qxe2 exd4 24. exd4 Qd5 25. f3 Qxd6 26. Qe3 Qxg3+ 27.
Kf1 Qxh3+ 28. Ke1 Rf8 29. Rd1 Rxf3 30. Qg1 Qh4+ 31. Ke2 Qe4+ 32. Kd2 c3+ 33.
Kc1 Qf4+ 34. Kc2 Be4+ 35. Kb3 Bd5+ 36. Kc2 Qe4+ 37. Kc1 Bb3 38. Rd3 Qxd3 39.
Qxg7+ Kxg7 40. d5 Qc2# 0-1

[Event "Eastpointe (EDO/4/23)"]
[Site "?"]
[Date "1994.??.??"]
[Round "?"]
[White "Kane, Paul"]
[Black "Prince, S."]
[Result "1-0"]
[WhiteElo "1605"]
[BlackElo "1605"]
[PlyCount "63"]
[EventDate "1994.??.??"]

{4/(23)} 1. d4 Nf6 2. Nf3 d5 3. c4 e6 4. Nc3 Bb4 5. Bg5 Nbd7 6. cxd5 exd5 7. e3
O-O 8. Bd3 h6 9. Bh4 c6 10. Qc2 Qa5 11. O-O Bxc3 12. bxc3 Ne4 13. Bxe4 dxe4 14.
Nd2 c5 15. Nxe4 cxd4 16. cxd4 Qf5 17. Rac1 g5 18. Bg3 Qg6 19. Qd3 Nf6 20. Nxf6+
Qxf6 21. Be5 Qf5 22. e4 Qe6 23. a3 Bd7 24. Rc7 a6 25. Rfc1 Bc6 26. f3 Bb5 27.
Qc3 Bc6 28. d5 Bxd5 29. exd5 Qb6+ 30. Qc5 Qxc5+ 31. R1xc5 Rfe8 32. d6 1-0

[Event "Detroit (WCO/4/6)"]
[Site "?"]
[Date "1994.??.??"]
[Round "?"]
[White "Kane, Paul"]
[Black "Paldan, G."]
[Result "1-0"]
[WhiteElo "1605"]
[BlackElo "1810"]
[PlyCount "68"]
[EventDate "1994.??.??"]

{4/(6)} 1. d4 d5 2. c4 e6 3. Nc3 Nf6 4. Bg5 Be7 5. e3 c5 6. dxc5 Qa5 7. Qa4+
Qxa4 8. Nxa4 Bd7 9. Nc3 dxc4 10. Bxc4 Bxc5 11. Bxf6 gxf6 12. Nf3 Bc6 13. Bb5
Bb4 14. Bxc6+ Nxc6 15. Rc1 Rc8 16. Ke2 Rg8 17. g3 Rg4 18. a3 Bf8 19. h3 Rg8 20.
Rhd1 f5 21. Nb5 a6 22. Nd6+ Bxd6 23. Rxd6 Ke7 24. Rdd1 Rgd8 25. Rxd8 Rxd8 26.
Rd1 Rxd1 27. Kxd1 Kf6 28. Nd2 Ke5 29. f4+ Kd5 30. Kc2 Na5 31. Kc3 f6 32. g4
fxg4 33. hxg4 h6 34. e4+ Kc5 1-0

[Event "Eastpointe (MI Action/3/18)"]
[Site "?"]
[Date "1994.??.??"]
[Round "?"]
[White "Kane, Paul"]
[Black "McMahan, M."]
[Result "1-0"]
[WhiteElo "1605"]
[BlackElo "1605"]
[PlyCount "67"]
[EventDate "1994.??.??"]

{3/(18)} 1. d4 d5 2. c4 e6 3. Nc3 dxc4 4. e4 c5 5. Nf3 Nc6 6. Be3 cxd4 7. Nxd4
Nxd4 8. Bxd4 Qc7 9. Rc1 a6 10. Qa4+ Bd7 11. Qxc4 Qxc4 12. Bxc4 b5 13. Bb3 Rc8
14. O-O Ne7 15. Ne2 Rxc1 16. Rxc1 Nc6 17. Bc3 b4 18. Bd2 Na5 19. Bd1 Be7 20.
Rc7 Bd6 21. Ra7 Ke7 22. Rxa6 Nc4 23. Bc1 f5 24. b3 Ne5 25. Bg5+ Kf7 26. Rxd6
Bb5 27. Nd4 Kg6 28. h4 h6 29. Rxe6+ Kf7 30. Rxe5 hxg5 31. Rxf5+ Ke7 32. Nxb5
gxh4 33. Rh5 Rxh5 34. Bxh5 1-0

[Event "Detroit (MOR/4/17)"]
[Site "?"]
[Date "1994.??.??"]
[Round "?"]
[White "Kane, Paul"]
[Black "McGrath, Michael"]
[Result "1-0"]
[WhiteElo "1605"]
[BlackElo "1745"]
[PlyCount "59"]
[EventDate "1994.??.??"]

{4/(17)} 1. d4 f5 2. g3 Nf6 3. c4 g6 4. Bg2 Bg7 5. Nc3 O-O 6. Nf3 d6 7. O-O Qe8
8. d5 Na6 9. Rb1 Rb8 10. Be3 b6 11. Qd2 Nc5 12. Ng5 h6 13. Nf3 g5 14. b4 Ncd7
15. Bd4 Bb7 16. Qb2 c5 17. bxc5 bxc5 18. Bxf6 Bxf6 19. Qc2 Bg7 20. Nb5 Ne5 21.
Nc7 Qg6 22. Ne6 Nxf3+ 23. exf3 Rf6 24. Rb3 Rxe6 25. dxe6 Qxe6 26. Rfb1 Qd7 27.
f4 Qa4 28. Qxf5 Rf8 29. Qe6+ Kh8 30. Rxb7 1-0

[Event "Grand Rapids (MI Am/1/31)"]
[Site "?"]
[Date "1994.??.??"]
[Round "?"]
[White "Kane, Paul"]
[Black "Lindsey, P."]
[Result "0-1"]
[WhiteElo "1605"]
[BlackElo "1605"]
[PlyCount "104"]
[EventDate "1994.??.??"]

{1/(31)} 1. d4 d5 2. c4 e6 3. Nc3 Nf6 4. Bg5 Be7 5. e3 Nbd7 6. cxd5 Nxd5 7.
Bxe7 Qxe7 8. Bd3 Nxc3 9. bxc3 Nf6 10. Nf3 a6 11. O-O b6 12. Qc2 Bb7 13. Ne5 c5
14. Rab1 b5 15. Rfc1 c4 16. Nxc4 bxc4 17. Qa4+ Qd7 18. Qxc4 Rc8 19. Qb4 Rc7 20.
f3 Nd5 21. Qa3 Nxe3 22. Be4 Nc4 23. Qb4 Bxe4 24. fxe4 a5 25. Qb8+ Rc8 26. Qf4
O-O 27. Rb3 e5 28. Qf2 f5 29. Rd1 fxe4 30. Qe2 Qf5 31. Rb5 e3 32. Rf1 Qxf1+ 33.
Qxf1 Rxf1+ 34. Kxf1 exd4 35. cxd4 Rd8 36. d5 Rf8+ 37. Ke1 Rf2 38. Rc5 Ne5 39.
Rc3 Rxa2 40. Rxe3 Ra1+ 41. Kf2 Ng4+ 42. Kf3 Nxe3 43. Kxe3 Rd1 44. Ke4 a4 45.
Ke5 a3 46. g4 a2 47. h4 a1=Q+ 48. Kf4 Rxd5 49. g5 Qe5+ 50. Kg4 Rd4+ 51. Kh5 g6+
52. Kh6 Rxh4# 0-1

[Event "Detroit (Class C/3/14)"]
[Site "?"]
[Date "1994.??.??"]
[Round "?"]
[White "Kane, Paul"]
[Black "Kling, G."]
[Result "0-1"]
[WhiteElo "1605"]
[BlackElo "1605"]
[PlyCount "84"]
[EventDate "1994.??.??"]

{3/(14)} 1. d4 f5 2. c4 Nf6 3. g3 g6 4. Bg2 Bg7 5. Nc3 d6 6. Nf3 O-O 7. O-O Qe8
8. b3 Na6 9. Bb2 c6 10. Qc2 e5 11. dxe5 dxe5 12. e4 f4 13. a3 Nc5 14. Rad1 Qf7
15. Nxe5 Qe6 16. Ne2 fxg3 17. Nf4 gxh2+ 18. Kxh2 Ng4+ 19. Kg1 Rxf4 20. Nxg4
Qxg4 21. f3 Qg3 22. Bxg7 Kxg7 23. Qc3+ Kh6 24. Qe5 Bh3 25. Rf2 Ne6 26. Rdd2
Raf8 27. Kh1 Bxg2+ 28. Rxg2 Rh4+ 29. Rh2 Qxe5 30. Rxh4+ Kg7 31. Rdh2 Ng5 32.
Rg4 Rxf3 33. Rhg2 Rf1+ 34. Rg1 Rxg1+ 35. Kxg1 h5 36. Rg2 h4 37. Kf2 h3 38. Rg1
Qf4+ 39. Ke2 h2 40. Rf1 Qxe4+ 41. Kd2 h1=Q 42. Rxh1 Qxh1 0-1

[Event "Detroit (WCO/2/6)"]
[Site "?"]
[Date "1994.??.??"]
[Round "?"]
[White "Kane, Paul"]
[Black "Jendras, Gerard"]
[Result "0-1"]
[WhiteElo "1605"]
[BlackElo "1905"]
[PlyCount "66"]
[EventDate "1994.??.??"]

{2/(6)} 1. d4 Nf6 2. c4 c5 3. d5 e5 4. Nc3 d6 5. e4 Be7 6. Be2 O-O 7. Nf3 Nbd7
8. O-O Ne8 9. Bd2 g6 10. Bh6 Ng7 11. Qd2 Nf6 12. a3 Ng4 13. Bg5 f5 14. h3 Nf6
15. Qc2 fxe4 16. Nxe4 Bf5 17. Bd3 Qd7 18. Nxf6+ Bxf6 19. Bxf5 Nxf5 20. Bxf6
Rxf6 21. b4 b6 22. Qe4 Ng7 23. Kh2 Rf4 24. Qe2 Raf8 25. Rac1 Qf5 26. Rc3 e4 27.
g4 Qf6 28. Rc2 Rxf3 29. Qxe4 Qh4 30. Qe6+ Nxe6 31. dxe6 Qxh3+ 32. Kg1 R8f4 33.
e7 Rxg4# 0-1

[Event "Romulus (RVO/4/26)"]
[Site "?"]
[Date "1994.??.??"]
[Round "?"]
[White "Kane, Paul"]
[Black "Jackson, K."]
[Result "1-0"]
[WhiteElo "1605"]
[BlackElo "1605"]
[PlyCount "69"]
[EventDate "1994.??.??"]

{4/(26)} 1. d4 d5 2. c4 c5 3. cxd5 Qxd5 4. Nc3 Qd8 5. dxc5 Nc6 6. Qxd8+ Kxd8 7.
Nf3 Nb4 8. Kd1 f6 9. a3 Nc6 10. b4 e5 11. e3 Nh6 12. Bc4 Ke8 13. Ke2 Bg4 14. h3
Bxf3+ 15. Kxf3 Rd8 16. Bb2 Rd2 17. Rab1 f5 18. Rhd1 e4+ 19. Kg3 Rxd1 20. Rxd1
a6 21. Nd5 Be7 22. Kh2 b5 23. Nc7+ Kf8 24. Ne6+ Kf7 25. Bb3 Kg6 26. g3 Bf6 27.
Nf4+ Kg5 28. h4+ Kg4 29. Bxf6 gxf6 30. Rd2 Ne5 31. c6 Nf3+ 32. Kg2 Nxd2 33.
Bd1+ Nf3 34. Nd5 Rd8 35. Nxf6# 1-0

[Event "Eastpointe (EDO/3/15)"]
[Site "?"]
[Date "1994.??.??"]
[Round "?"]
[White "Kane, Paul"]
[Black "Jackson, J."]
[Result "0-1"]
[WhiteElo "1605"]
[BlackElo "1855"]
[PlyCount "100"]
[EventDate "1994.??.??"]

{3/(15)} 1. d4 d5 2. c4 e6 3. Nc3 Nf6 4. Bg5 Nbd7 5. cxd5 exd5 6. e3 c6 7. Bd3
Be7 8. Nf3 O-O 9. O-O Re8 10. Qc2 Nf8 11. Bxf6 Bxf6 12. b4 Bg4 13. Nd2 Qe7 14.
Rab1 b5 15. a4 a6 16. axb5 axb5 17. Ne2 Bd7 18. Nf3 Ra4 19. Qb2 Rea8 20. Nc3
Ra3 21. Ne1 Qd6 22. Nc2 R3a7 23. Ra1 Qc7 24. Rxa7 Rxa7 25. Ra1 Be7 26. Na3 Bd6
27. g3 Ne6 28. Bxb5 cxb5 29. Ncxb5 Bxb5 30. Nxb5 Rxa1+ 31. Qxa1 Qb6 32. Qa8+
Bf8 33. Qxd5 Bxb4 34. f4 Qa5 35. f5 Qa1+ 36. Kg2 Qb2+ 37. Kf3 Ng5+ 38. Kg4 h6
39. h3 Qe2+ 40. Kh4 Nf3+ 41. Kg4 Nxd4+ 42. Kf4 Nxb5 43. Qd8+ Kh7 44. Qe8 Bd6+
45. Ke4 Qc4+ 46. Kf3 Qd5+ 47. e4 Qd3+ 48. Kg2 Qxg3+ 49. Kf1 Qf3+ 50. Ke1 Bb4#
0-1

[Event "Detroit (Class C/1/19)"]
[Site "?"]
[Date "1994.??.??"]
[Round "?"]
[White "Kane, Paul"]
[Black "Hooks, Jerry"]
[Result "0-1"]
[WhiteElo "1605"]
[BlackElo "1605"]
[PlyCount "152"]
[EventDate "1994.??.??"]

{1/(19)} 1. d4 Nf6 2. c4 e6 3. Bg5 h6 4. Bh4 b6 5. Nc3 Bb4 6. Rc1 Bb7 7. e3 d6
8. Nf3 Nbd7 9. a3 Bxc3+ 10. Rxc3 Qc8 11. Be2 O-O 12. O-O Re8 13. b4 e5 14. d5
e4 15. Nd4 Qd8 16. Qc2 Nf8 17. Nb5 N8h7 18. f3 a6 19. Nd4 Qe7 20. Re1 Nf8 21.
fxe4 Qxe4 22. Bxf6 Qxc2 23. Rxc2 gxf6 24. Nf5 Kh7 25. Bd3 Ng6 26. Rf2 Bc8 27.
Kf1 Bxf5 28. Bxf5 Kg7 29. Ke2 Re5 30. g3 Rae8 31. e4 Ne7 32. Bd7 Rd8 33. Bf5
Nxf5 34. Rxf5 Rxe4+ 35. Kd2 Rxe1 36. Kxe1 Re8+ 37. Kd2 Re4 38. Kd3 Re1 39. Rf3
Kg6 40. Re3 Rxe3+ 41. Kxe3 Kf5 42. h3 h5 43. a4 Ke5 44. Kf3 Kd4 45. g4 h4 46.
Kf4 Kxc4 47. Kf5 Kxd5 48. Kxf6 c5 49. bxc5 bxc5 50. Kxf7 c4 51. g5 c3 52. g6 c2
53. g7 c1=Q 54. g8=Q Qf4+ 55. Ke7+ Kd4 56. Qe6 Qe5 57. Kd7 Qxe6+ 58. Kxe6 Kc5
59. Kf5 d5 60. Kf4 Kc4 61. Ke3 Kc3 62. Ke2 d4 63. Kd1 a5 64. Kc1 d3 65. Kd1 d2
66. Ke2 Kc2 67. Kf3 d1=Q+ 68. Kf4 Qd4+ 69. Kg5 Qxa4 70. Kh5 Qf4 71. Kg6 a4 72.
Kh5 a3 73. Kg6 a2 74. Kh5 a1=R 75. Kg6 Rg1+ 76. Kh7 Qg5 0-1

[Event "Detroit (MOR/7/11)"]
[Site "?"]
[Date "1994.??.??"]
[Round "?"]
[White "Kane, Paul"]
[Black "Gregory, Kevin"]
[Result "1/2-1/2"]
[WhiteElo "1605"]
[BlackElo "1745"]
[PlyCount "61"]
[EventDate "1994.??.??"]

{7/(11)} 1. d4 d5 2. c4 e6 3. Nc3 f5 4. g3 c6 5. Bg2 Bd6 6. Nf3 Nf6 7. O-O O-O
8. Ne5 Bd7 9. Rb1 Qe7 10. a3 a6 11. Na4 b5 12. Nb6 Ra7 13. c5 Bxe5 14. dxe5 Ng4
15. b4 Nxe5 16. Bf4 Nf7 17. Qc2 e5 18. Bc1 Be6 19. e3 Nd7 20. Bb2 Rb7 21. Nxd7
Bxd7 22. Rbd1 Ra7 23. f4 a5 24. Qc3 Rfa8 25. fxe5 axb4 26. axb4 Be6 27. Ra1 Ng5
28. Rxa7 Rxa7 29. Ra1 Ne4 30. Rxa7 Qxa7 31. Bxe4 1/2-1/2

[Event "Eastpointe (US Am N/5/30)"]
[Site "?"]
[Date "1994.??.??"]
[Round "?"]
[White "Kane, Paul"]
[Black "Gentry, Loyd"]
[Result "1-0"]
[WhiteElo "1605"]
[BlackElo "1605"]
[PlyCount "121"]
[EventDate "1994.??.??"]

{5/(30)} 1. d4 d5 2. c4 Nf6 3. Nc3 c6 4. cxd5 cxd5 5. Bf4 Bg4 6. Qc2 e6 7. e3
Bb4 8. Bd3 Bxc3+ 9. Qxc3 Nbd7 10. f3 Bf5 11. Bxf5 exf5 12. Qb4 b6 13. Ne2 a5
14. Qd6 Qe7 15. Qxe7+ Kxe7 16. Rc1 Rac8 17. Kd2 h6 18. Nc3 g5 19. Be5 Rhg8 20.
Nb5 g4 21. Bd6+ Ke6 22. Rxc8 Rxc8 23. Rc1 Rxc1 24. Kxc1 h5 25. Bf4 gxf3 26.
gxf3 Nh7 27. Nc7+ Kf6 28. Nxd5+ Ke6 29. Nc7+ Ke7 30. Kc2 f6 31. Kc3 Ng5 32. Kc4
Nxf3 33. Kb5 h4 34. Nd5+ Kd8 35. Nxb6 Nxb6 36. Kxb6 a4 37. Kb5 a3 38. b3 Kd7
39. Ka4 Kc6 40. Kxa3 Kd5 41. Kb4 h3 42. a4 Ne1 43. Kc3 Ng2 44. Kd3 Ne1+ 45. Kd2
Ng2 46. b4 Ke4 47. b5 Nxf4 48. exf4 Kxf4 49. b6 Kf3 50. b7 f4 51. b8=Q Ke4 52.
Qb7+ Kxd4 53. Qf3 Ke5 54. Kd3 f5 55. Qxh3 Kf6 56. Kd4 Ke6 57. Qh6+ Kf7 58. Ke5
f3 59. Qh7+ Ke8 60. Ke6 f2 61. Qe7# 1-0

[Event "Romulus (RVO/1/3)"]
[Site "?"]
[Date "1994.??.??"]
[Round "?"]
[White "Kane, Paul"]
[Black "Gabbara, Faris"]
[Result "0-1"]
[WhiteElo "1605"]
[BlackElo "2195"]
[PlyCount "80"]
[EventDate "1994.??.??"]

{1/(3)} 1. d4 Nf6 2. c4 c5 3. Nf3 e6 4. Bg5 h6 5. Bh4 cxd4 6. Nxd4 Bb4+ 7. Nd2
Qb6 8. e3 Bxd2+ 9. Qxd2 Ne4 10. Qc2 Qa5+ 11. Ke2 Qh5+ 12. Nf3 f5 13. Ke1 Nc6
14. a3 g5 15. Bg3 Nxg3 16. fxg3 g4 17. Nd2 Qg5 18. Qc3 Rf8 19. h4 Qe7 20. b4 b6
21. Be2 Bb7 22. Kf2 d6 23. Rad1 O-O-O 24. Rhe1 h5 25. Nb3 e5 26. c5 dxc5 27.
Rxd8+ Rxd8 28. bxc5 Kb8 29. cxb6 axb6 30. Nd2 f4 31. exf4 exf4 32. Kf1 fxg3 33.
Qxg3+ Ka7 34. Nc4 Qc5 35. Qf2 Rf8 36. Bf3 Qxc4+ 37. Kg1 gxf3 38. g3 Qc5 39. Re3
Ne5 40. Kh2 Ng4+ 0-1

[Event "Detroit (MOR/2/14)"]
[Site "?"]
[Date "1994.??.??"]
[Round "?"]
[White "Kane, Paul"]
[Black "Blake, J."]
[Result "1-0"]
[WhiteElo "1605"]
[BlackElo "1720"]
[PlyCount "107"]
[EventDate "1994.??.??"]

{2/(14)} 1. d4 d5 2. c4 e6 3. Nc3 f5 4. Nf3 c6 5. g3 Nd7 6. Bg2 Bd6 7. e3 Ngf6
8. O-O O-O 9. Ng5 Qe7 10. f4 h6 11. Nf3 Ne4 12. Nxe4 dxe4 13. Ne5 Nxe5 14. fxe5
Bc7 15. a3 Rd8 16. Qc2 c5 17. Rd1 a5 18. b3 Qd7 19. Bb2 Qe7 20. Rd2 Bd7 21.
Rad1 a4 22. d5 Qg5 23. Kf2 axb3 24. Qc1 Ba5 25. Bc3 Bxc3 26. Qxc3 Rxa3 27. dxe6
Rda8 28. exd7 b2 29. d8=Q+ Rxd8 30. Rxd8+ Kh7 31. Qxa3 Qxd8 32. Rxd8 b1=Q 33.
Bf1 Qc2+ 34. Rd2 Qxd2+ 35. Be2 Qb4 36. Qxb4 cxb4 37. Bd1 b6 38. Ke2 Kg8 39. Kd2
Kf7 40. Kc2 Ke6 41. Kb3 Kxe5 42. Kxb4 Kd6 43. Kb5 Kc7 44. Bh5 g5 45. Bg6 f4 46.
gxf4 gxf4 47. exf4 e3 48. Bh5 Kb7 49. f5 Kc7 50. f6 Kd6 51. f7 Ke7 52. Kxb6 e2
53. Bxe2 Kxf7 54. c5 1-0

[Event "Eastpointe (US Am N/3/13)"]
[Site "?"]
[Date "1994.??.??"]
[Round "?"]
[White "Kane, Paul"]
[Black "Applebee, J."]
[Result "0-1"]
[WhiteElo "1605"]
[BlackElo "2110"]
[PlyCount "100"]
[EventDate "1994.??.??"]

{3/(13)} 1. d4 Nf6 2. c4 g6 3. Nc3 Bg7 4. e4 d6 5. Nf3 O-O 6. Be2 e5 7. dxe5
dxe5 8. Qxd8 Rxd8 9. Bg5 c6 10. O-O h6 11. Bh4 Bg4 12. Rad1 Na6 13. h3 Bxf3 14.
Bxf3 Nc5 15. b3 Rd4 16. Ne2 Rxd1 17. Rxd1 g5 18. Bg3 Nfxe4 19. b4 Nxg3 20. Nxg3
Ne6 21. Rd7 Rb8 22. Bh5 Nf8 23. Bxf7+ Kh8 24. Rc7 Bf6 25. Nf5 Bd8 26. Re7 Bxe7
27. Nxe7 Rd8 28. Nf5 b6 29. Bh5 Rd2 30. a4 a5 31. b5 cxb5 32. cxb5 Ne6 33. Kf1
Nc5 34. Nxh6 Kg7 35. Ng4 Nd3 36. Ne3 Rxf2+ 37. Kg1 Ra2 38. Nc4 Rxa4 39. Nxb6
Rb4 40. Be8 a4 41. Nd5 a3 42. Nc3 Rc4 43. Na2 Rc2 44. b6 Rxa2 45. b7 Rb2 46.
Bc6 a2 47. Kh2 a1=Q 48. Be4 Qf1 49. h4 Qf4+ 50. Kh3 g4# 0-1

[Event "Ann Arbor (HVA/3/8)"]
[Site "?"]
[Date "1994.??.??"]
[Round "?"]
[White "Kane, Paul"]
[Black "Aldrich, Justin"]
[Result "1-0"]
[WhiteElo "1605"]
[BlackElo "1605"]
[PlyCount "161"]
[EventDate "1994.??.??"]

{3/(8)} 1. d4 d5 2. c4 dxc4 3. Nf3 Bf5 4. Nc3 Bg6 5. Bg5 Nd7 6. e3 h6 7. Bh4
Ngf6 8. Bxc4 e6 9. Ne5 Be7 10. Nxg6 fxg6 11. Bxe6 Nh5 12. Bxe7 Qxe7 13. Qg4
O-O-O 14. O-O Nhf6 15. Qh3 Rhe8 16. Bb3 Kb8 17. Rfc1 Nb6 18. Rc2 a6 19. Rac1
Rc8 20. a4 Qb4 21. Bf7 Re7 22. Bxg6 Nbd5 23. Bf5 Rd8 24. Qg3 Nxc3 25. bxc3 Qxa4
26. Rb1 Qc6 27. Bd3 Rd5 28. Qf3 Rd6 29. Qxc6 Rxc6 30. c4 Ka7 31. c5 Rf7 32.
Rcb2 b6 33. f3 Rd7 34. Ra2 a5 35. Bb5 Re6 36. cxb6+ Rxb6 37. Rxa5+ Kb7 38. Raa1
c6 39. Ba6+ Kc7 40. Rxb6 Kxb6 41. Bc4 Nd5 42. Kf2 Nc3 43. Rc1 Nb5 44. Ke2 Ra7
45. Rc2 Ra3 46. Rb2 Ra5 47. d5 cxd5 48. Bxd5 Kc5 49. Bf7 Ra7 50. Rc2+ Kd6 51.
Be8 Nc7 52. Bg6 Ne6 53. f4 Re7 54. Rd2+ Kc7 55. Kf3 Nf8 56. Bc2 Ng6 57. Bxg6
Re6 58. f5 Rc6 59. e4 Rb6 60. g4 Kc8 61. h4 Rb3+ 62. Kf4 Rh3 63. h5 Rc3 64. g5
hxg5+ 65. Kxg5 Rc5 66. h6 gxh6+ 67. Kxh6 Ra5 68. Rd4 Kc7 69. f6 Ra6 70. f7 Rf6
71. Kg7 Rf4 72. f8=Q Rxf8 73. Kxf8 Kc6 74. Rd5 Kc7 75. Ke7 Kc6 76. e5 Kc7 77.
Rd6 Kb7 78. Kd7 Kb8 79. Rb6+ Ka7 80. Kc7 Ka8 81. Ra6# 1-0

[Event "Gaylord (NMO/4/2)"]
[Site "?"]
[Date "1994.??.??"]
[Round "?"]
[White "Kamberi, Sonny"]
[Black "Yahkind, Alex"]
[Result "1/2-1/2"]
[WhiteElo "2090"]
[BlackElo "2065"]
[PlyCount "69"]
[EventDate "1994.??.??"]

{4/(2)} 1. e4 c5 2. c3 e6 3. d4 d5 4. e5 Nc6 5. Nf3 f6 6. Bb5 Bd7 7. Bxc6 Bxc6
8. O-O fxe5 9. Nxe5 Nf6 10. Nxc6 bxc6 11. Qe2 Qd7 12. Re1 Kf7 13. Nd2 cxd4 14.
Nf3 Bd6 15. Ng5+ Kg8 16. Qxe6+ Qxe6 17. Rxe6 Rd8 18. cxd4 h6 19. Nh3 Kf7 20.
Re1 Rb8 21. b3 Bb4 22. Rd1 Rhe8 23. Bd2 Re4 24. Be3 Rbe8 25. Rac1 Ng4 26. Rxc6
Nxe3 27. fxe3 Rxe3 28. Rc7+ R8e7 29. Rf1+ Ke8 30. Rfc1 g5 31. Rxe7+ Rxe7 32.
Kf2 g4 33. Ng1 Bd2 34. Rd1 Be3+ 35. Kg3 1/2-1/2

[Event "Detroit (MI Op/4/10)"]
[Site "?"]
[Date "1994.??.??"]
[Round "?"]
[White "Kamberi, Sonny"]
[Black "Thompson, Dexter"]
[Result "0-1"]
[WhiteElo "2030"]
[BlackElo "2240"]
[PlyCount "74"]
[EventDate "1994.??.??"]

{4/(10)} 1. e4 e5 2. Nf3 Nc6 3. Bb5 a6 4. Bxc6 dxc6 5. O-O Qd6 6. d3 Bg4 7. Be3
Ne7 8. Nbd2 Ng6 9. h3 Bd7 10. Nc4 Qe7 11. a4 h6 12. d4 f6 13. dxe5 fxe5 14. Qd3
O-O-O 15. Qc3 Re8 16. Bd2 Qf6 17. b4 Re6 18. Qe3 Kb8 19. Qd3 Bd6 20. Nxd6 Rxd6
21. Qc3 Rf8 22. Ra3 Qd8 23. Be3 Rxf3 24. gxf3 Bxh3 25. Re1 Nh4 26. Bc1 Rg6+ 27.
Kh2 Rg2+ 28. Kh1 Rxf2 29. f4 Nf3 30. Qxf3 Rxf3 31. Rxf3 Qh4 32. Ree3 Bg4+ 33.
Kg1 Bxf3 34. Rxf3 Qe1+ 35. Rf1 Qxe4 36. fxe5 Qxe5 37. Rf8+ Ka7 0-1